000 00490nam a2200157 a 4500
001 BRCA_8815
005 20190320210425.0
008 250417s--------sp-#######---#000-0#sp--#
041 _aspa
084 _aBE196
_b.F55
245 1 0 _aFilosofía moral, o ética
300 _a336 p.
_c16.6 x 10.5 cm.
500 _aEstado físico: presenta encuadernación en pergamino, con lomo semi desprendido, carece de cintas y portada, y con presencia del pez de plata
902 _aCFM
942 _2lcc
_cB
999 _c8466
_d8466